[Event "GER-chA Seniors 28th"]
[Site "Niederhausen"]
[Date "2016.08.17"]
[Round "5"]
[White "Ljuboschiz, Alexander"]
[Black "Brettschneider, Karl"]
[Result "1/2-1/2"]
[WhiteElo "2131"]
[BlackElo "1854"]
[PlyCount "91"]
[EventDate "2016.08.13"]
[EventType "swiss"]
[EventRounds "9"]
[EventCountry "GER"]
[SourceTitle "EXT 2019"]
[Source "ChessBase"]
[SourceDate "2018.10.10"]
[SourceVersion "1"]
[SourceVersionDate "2018.10.10"]
[SourceQuality "1"]

1. e4 c5 2. Nf3 Nc6 3. Nc3 g6 4. d4 cxd4 5. Nxd4 Bg7 6. Be3 d6 7. Be2 Nf6 8. Qd2 0-0 9. 0-0 Ng4 10. Bxg4 Bxg4 11. f4 Bd7 12. Rad1 Qa5 13. Nb3 Qh5 14. h3 Be6 15. Rf3 Bxb3 16. axb3 Qa5 17. g4 f5 18. exf5 gxf5 19. g5 Rad8 20. Rff1 a6 21. Ra1 Qc7 22. Nd5 Qd7 23. c4 e6 24. Nc3 Qf7 25. Bb6 Rd7 26. Rad1 e5 27. Qd5 exf4 28. Rxf4 Be5 29. Rxf5 Qxd5 30. Rxf8+ Kxf8 31. Rxd5 Rg7 32. h4 h6 33. Ne4 Ke7 34. Rd2 hxg5 35. hxg5 Bf4 36. Rg2 Ke6 37. Kf2 Kf5 38. Nc3 Bxg5 39. Ke2 Re7+ 40. Kd1 Rh7 41. Rf2+ Ke6 42. Re2+ Ne5 43. Be3 Rh1+ 44. Kc2 Bxe3 45. Rxe3 Rh2+ 46. Re2 1/2-1/2

[Event "GER-chA Seniors 28th"]
[Site "Niederhausen"]
[Date "2016.08.16"]
[Round "4"]
[White "Tuertmann, Dieter"]
[Black "Ljuboschiz, Alexander"]
[Result "0-1"]
[WhiteElo "2008"]
[BlackElo "2131"]
[PlyCount "68"]
[EventDate "2016.08.13"]
[EventType "swiss"]
[EventRounds "9"]
[EventCountry "GER"]
[SourceTitle "EXT 2019"]
[Source "ChessBase"]
[SourceDate "2018.10.10"]
[SourceVersion "1"]
[SourceVersionDate "2018.10.10"]
[SourceQuality "1"]

1. b3 e5 2. e3 d6 3. c4 g6 4. Bb2 Bg7 5. Be2 Ne7 6. d3 0-0 7. Nd2 Be6 8. h4 h6 9. Qc2 Nbc6 10. a3 a5 11. g4 Qd7 12. f3 f5 13. g5 h5 14. Bf1 d5 15. 0-0-0 d4 16. exd4 Nxd4 17. Qb1 Rfb8 18. Qa1 Nec6 19. Ne2 b5 20. Bxd4 Nxd4 21. Nxd4 exd4 22. Kc2 a4 23. Qc1 axb3+ 24. Nxb3 bxc4 25. Nc5 Qb5 26. Nxe6 Qb3+ 27. Kd2 c3+ 28. Ke2 Qxe6+ 29. Kf2 Rb2+ 30. Kg1 Rxa3 31. Re1 Qd6 32. Rh3 Raa2 33. f4 Qd5 34. Rg3 Rh2 0-1

[Event "GER-chA Seniors 28th"]
[Site "Niederhausen"]
[Date "2016.08.15"]
[Round "3"]
[White "Ljuboschiz, Alexander"]
[Black "Gerhardt, Peter Michael"]
[Result "1/2-1/2"]
[WhiteElo "2131"]
[BlackElo "2006"]
[PlyCount "36"]
[EventDate "2016.08.13"]
[EventType "swiss"]
[EventRounds "9"]
[EventCountry "GER"]
[SourceTitle "EXT 2019"]
[Source "ChessBase"]
[SourceDate "2018.10.10"]
[SourceVersion "1"]
[SourceVersionDate "2018.10.10"]
[SourceQuality "1"]

1. e4 g6 2. d4 Bg7 3. Nc3 d6 4. Nf3 Nd7 5. Bg5 c6 6. Qd2 Qc7 7. a4 b6 8. Bc4 Bb7 9. 0-0 Ngf6 10. Rfe1 e5 11. Rad1 0-0 12. h3 Rad8 13. dxe5 Nxe5 14. Nxe5 dxe5 15. Qe3 Rxd1 16. Rxd1 Rd8 17. Qf3 Rxd1+ 18. Nxd1 Ne8 1/2-1/2

[Event "GER-chA Seniors 27th"]
[Site "Magdeburg"]
[Date "2015.08.21"]
[Round "7"]
[White "Ljuboschiz, Alexander"]
[Black "Zunker, Reinhard"]
[Result "1/2-1/2"]
[WhiteElo "2097"]
[BlackElo "2162"]
[PlyCount "33"]
[EventDate "2015.08.15"]
[EventType "swiss"]
[EventRounds "9"]
[EventCountry "GER"]
[SourceTitle "EXT 2018"]
[Source "ChessBase"]
[SourceDate "2017.10.13"]
[SourceVersion "1"]
[SourceVersionDate "2017.10.13"]
[SourceQuality "1"]

1. e4 c5 2. Ne2 Nc6 3. d4 cxd4 4. Nxd4 e6 5. Nc3 a6 6. Be3 Qc7 7. Bd3 Nf6 8. 0-0 b5 9. Nxc6 dxc6 10. a4 b4 11. Nb1 a5 12. Qe2 Nd7 13. Nd2 Bc5 14. Nc4 Bxe3 15. Qxe3 Ba6 16. f4 Bxc4 17. Bxc4 1/2-1/2

[Event "GER-chA Seniors 27th"]
[Site "Magdeburg"]
[Date "2015.08.15"]
[Round "1"]
[White "Ljuboschiz, Alexander"]
[Black "Aigner, Georg"]
[Result "1/2-1/2"]
[WhiteElo "2097"]
[BlackElo "1891"]
[PlyCount "57"]
[EventDate "2015.08.15"]
[EventType "swiss"]
[EventRounds "9"]
[EventCountry "GER"]
[SourceTitle "EXT 2018"]
[Source "ChessBase"]
[SourceDate "2017.10.13"]
[SourceVersion "1"]
[SourceVersionDate "2017.10.13"]
[SourceQuality "1"]

1. e4 e5 2. Nf3 Nc6 3. Nc3 Nf6 4. Bb5 a6 5. Bxc6 dxc6 6. Nxe5 Bc5 7. 0-0 0-0 8. d3 Re8 9. Nf3 Bg4 10. h3 Bh5 11. Be3 Qe7 12. Bxc5 Qxc5 13. Qe2 Nd5 14. Nxd5 cxd5 15. c3 dxe4 16. dxe4 f5 17. e5 Re6 18. Rfe1 Rae8 19. Qd3 Bxf3 20. Qxf3 Rxe5 21. Rxe5 Rxe5 22. Qxb7 Re2 23. Rf1 a5 24. Qc8+ Kf7 25. Qd7+ Kg6 26. g4 Rxb2 27. h4 fxg4 28. Qxg4+ Kf6 29. Re1 1/2-1/2

[Event "Oberliga NRW 1415"]
[Site "Germany"]
[Date "2015.03.22"]
[Round "8.5"]
[White "Ljuboschiz, Alexander"]
[Black "Balster, Stefan"]
[Result "1/2-1/2"]
[WhiteElo "2014"]
[BlackElo "2230"]
[PlyCount "54"]
[EventDate "2014.09.14"]
[EventType "team-tourn"]
[EventRounds "9"]
[EventCountry "GER"]
[SourceTitle "EXT 2017"]
[Source "ChessBase"]
[SourceDate "2016.10.25"]
[SourceVersion "1"]
[SourceVersionDate "2016.10.25"]
[SourceQuality "1"]
[WhiteTeam "Wuerselen"]
[BlackTeam "Duesseldorf"]
[WhiteTeamCountry "GER"]
[BlackTeamCountry "GER"]

1. e4 c5 2. Nf3 e6 3. d4 cxd4 4. Nxd4 Nf6 5. Nc3 d6 6. Be2 Be7 7. 0-0 0-0 8. f4 Nc6 9. Be3 Bd7 10. Kh1 Nxd4 11. Bxd4 Bc6 12. Bf3 Qc7 13. e5 Nd7 14. exd6 Bxd6 15. Bxc6 Qxc6 16. Qg4 e5 17. fxe5 Bxe5 18. Rad1 Nf6 19. Qh4 Rfe8 20. Rde1 Bxd4 21. Qxd4 a6 22. h3 h6 23. a3 Rad8 24. Qf2 h5 25. Rxe8+ Rxe8 26. Re1 Re6 27. Rxe6 Qxe6 1/2-1/2

[Event "Muensterland op 32d"]
[Site "Senden"]
[Date "2014.10.17"]
[Round "8"]
[White "Ljuboschiz, Alexander"]
[Black "Seegers, Hendrik"]
[Result "0-1"]
[WhiteElo "2149"]
[BlackElo "2200"]
[PlyCount "110"]
[EventDate "2014.10.??"]
[EventType "swiss"]
[EventRounds "9"]
[EventCountry "GER"]
[SourceTitle "EXT 2017"]
[Source "ChessBase"]
[SourceDate "2016.10.25"]
[SourceVersion "1"]
[SourceVersionDate "2016.10.25"]
[SourceQuality "1"]

1. e4 Nf6 2. e5 Nd5 3. Nc3 Nxc3 4. bxc3 d6 5. f4 g6 6. d4 Bg7 7. Nf3 0-0 8. Bd3 c5 9. 0-0 Qa5 10. Bd2 Bg4 11. Rb1 Qc7 12. h3 Be6 13. Be4 d5 14. Bd3 c4 15. Be2 Nc6 16. Ng5 Bd7 17. Qe1 f6 18. Nf3 Rab8 19. Nh4 b5 20. Bf3 e6 21. Bg4 f5 22. Be2 Qa5 23. Rb2 Qa3 24. Bc1 Qe7 25. Nf3 a5 26. a3 Qxa3 27. Rxb5 Qa2 28. Rxb8 Rxb8 29. Bd1 Qb1 30. Qd2 Bf8 31. Be2 Qa2 32. g4 Ne7 33. Nh4 Ba4 34. Bd1 Bd7 35. gxf5 exf5 36. Re1 Rb6 37. Nf3 h6 38. Qg2 Be6 39. h4 Rb1 40. Be3 Qa1 41. Qd2 a4 42. h5 a3 43. hxg6 Bg7 44. Bf2 a2 45. Bh4 Nxg6 46. Kh2 Qb2 47. Rg1 Bf7 48. e6 Be8 49. Ne5 Bxe5 50. dxe5 Qb7 51. e7 a1Q 52. Rxg6+ Bxg6 53. Qg2 Qc6 54. Bf6 Kh7 55. Bh5 Rh1+ 0-1

[Event "GER-chA Seniors 26th"]
[Site "Bad Neuenahr"]
[Date "2014.08.08"]
[Round "4"]
[White "Ljuboschiz, Alexander"]
[Black "Davydov, Mihail"]
[Result "0-1"]
[WhiteElo "2151"]
[BlackElo "2061"]
[PlyCount "84"]
[EventDate "2014.08.05"]
[EventType "swiss"]
[EventRounds "9"]
[EventCountry "GER"]
[SourceTitle "EXT 2018"]
[Source "ChessBase"]
[SourceDate "2017.10.13"]
[SourceVersion "1"]
[SourceVersionDate "2017.10.13"]
[SourceQuality "1"]

1. e4 d5 2. exd5 Qxd5 3. Nc3 Qa5 4. d4 Nf6 5. Bd2 Bf5 6. Bc4 e6 7. Nd5 Qxd2+ 8. Qxd2 exd5 9. Bd3 Be6 10. Nf3 Nc6 11. Bb5 Ne4 12. Qe3 Bd6 13. Ne5 0-0 14. Bxc6 bxc6 15. f3 Nf6 16. 0-0 Rab8 17. b3 Bxe5 18. Qxe5 Ne8 19. f4 g6 20. h3 Nd6 21. Rae1 Bf5 22. Qe7 Rbc8 23. Qe2 h5 24. Qd1 Be4 25. Rf2 Kg7 26. c4 h4 27. Rfe2 Rfe8 28. c5 Nf5 29. Rxe4 dxe4 30. Qc2 e3 31. Qc3 Kg8 32. Rd1 Rcd8 33. Re1 Rxd4 34. Kh2 Rxf4 35. Qf6 e2 36. Qxc6 Re7 37. Qb5 Ng3 38. Qb8+ Kg7 39. Qd8 Rf1 40. Qd4+ f6 41. Qd8 Rxe1 42. Qxe7+ Kh6 0-1

[Event "Muensterland op 31st"]
[Site "Senden"]
[Date "2013.11.01"]
[Round "7"]
[White "Beutelhoff, Josef"]
[Black "Ljuboschiz, Alexander"]
[Result "1/2-1/2"]
[WhiteElo "2085"]
[BlackElo "2161"]
[PlyCount "61"]
[EventDate "2013.10.27"]
[EventType "swiss"]
[EventRounds "9"]
[EventCountry "GER"]
[SourceTitle "EXT 2014"]
[Source "ChessBase"]
[SourceDate "2013.11.20"]
[SourceVersion "1"]
[SourceVersionDate "2013.11.20"]
[SourceQuality "1"]

1. d4 Nf6 2. c4 g6 3. Nc3 Bg7 4. e4 d6 5. f3 0-0 6. Be3 Nbd7 7. Nge2 c5 8. Qd2 a6 9. a4 cxd4 10. Nxd4 Nc5 11. Ra3 Bd7 12. b4 Ne6 13. Nb3 b6 14. Nd5 Rb8 15. a5 bxa5 16. Rxa5 Nxd5 17. exd5 Nc7 18. Be2 e6 19. dxe6 Bxe6 20. 0-0 Re8 21. Re1 Bc8 22. Bd4 Ne6 23. Bxg7 Nxg7 24. c5 Be6 25. Bd1 dxc5 26. Qxd8 Rexd8 27. Nxc5 Rxb4 28. Be2 Rb2 29. Bxa6 Ra8 30. Raa1 Rd8 31. Red1 1/2-1/2

[Event "Muensterland op 31st"]
[Site "Senden"]
[Date "2013.10.29"]
[Round "4"]
[White "Ljuboschiz, Alexander"]
[Black "Ollech, Dirk"]
[Result "1-0"]
[WhiteElo "2161"]
[BlackElo "2009"]
[PlyCount "85"]
[EventDate "2013.10.27"]
[EventType "swiss"]
[EventRounds "9"]
[EventCountry "GER"]
[SourceTitle "EXT 2014"]
[Source "ChessBase"]
[SourceDate "2013.11.20"]
[SourceVersion "1"]
[SourceVersionDate "2013.11.20"]
[SourceQuality "1"]

1. e4 c5 2. Nf3 d6 3. d4 cxd4 4. Nxd4 Nf6 5. Nc3 a6 6. Bd3 Nc6 7. Nxc6 bxc6 8. 0-0 g6 9. Qe2 Qc7 10. h3 Bg7 11. Bd2 0-0 12. Rae1 Nd7 13. b3 e5 14. Na4 d5 15. f3 f5 16. c4 Bb7 17. cxd5 cxd5 18. Bb4 Rf7 19. Rc1 Qd8 20. exd5 a5 21. Bd2 Bxd5 22. Be3 Bf8 23. Rfd1 Be6 24. Bc4 Qf6 25. Bxe6 Qxe6 26. Qc4 Qxc4 27. Rxc4 Bb4 28. Bd2 Rb8 29. Bxb4 Rxb4 30. Rc8+ Kg7 31. Ra8 Rb5 32. Nb2 Nb8 33. Nc4 Re7 34. Rxa5 Rxa5 35. Nxa5 e4 36. fxe4 fxe4 37. Kf2 Kf6 38. Ke3 Re5 39. Nc4 Re6 40. Rd4 Ra6 41. Rd6+ Kf5 42. Rxa6 Nxa6 43. Nd6+ 1-0

[Event "Muensterland op 31st"]
[Site "Senden"]
[Date "2013.10.27"]
[Round "1"]
[White "Holtel, Jasper"]
[Black "Ljuboschiz, Alexander"]
[Result "0-1"]
[WhiteElo "1914"]
[BlackElo "2161"]
[PlyCount "182"]
[EventDate "2013.10.27"]
[EventType "swiss"]
[EventRounds "9"]
[EventCountry "GER"]
[SourceTitle "EXT 2014"]
[Source "ChessBase"]
[SourceDate "2013.11.20"]
[SourceVersion "1"]
[SourceVersionDate "2013.11.20"]
[SourceQuality "1"]

1. e4 e5 2. Nf3 Nc6 3. Bc4 Nf6 4. 0-0 Nxe4 5. Nc3 Nxc3 6. dxc3 Be7 7. Qd5 0-0 8. Nxe5 Nxe5 9. Qxe5 d6 10. Qh5 Bf6 11. Re1 Bd7 12. Re3 g6 13. Rg3 Bg7 14. Qd1 Be6 15. Qe2 Re8 16. Bxe6 Rxe6 17. Re3 Qd7 18. Rxe6 fxe6 19. Bg5 e5 20. Rd1 Rf8 21. Qe4 c6 22. c4 Qe6 23. b3 a6 24. Qd3 Bf6 25. Bxf6 Rxf6 26. f3 Qf5 27. Qxf5 gxf5 28. Kf2 Kf7 29. Ke3 Ke6 30. Rd3 d5 31. cxd5+ cxd5 32. g3 Rh6 33. Rd2 d4+ 34. Kd3 Kd5 35. Re2 Rc6 36. Kd2 Rc3 37. Rf2 h5 38. a4 a5 39. Rf1 Rc6 40. Rf2 Rg6 41. Ke2 h4 42. gxh4 Rh6 43. Rg2 Rxh4 44. Kd2 Rh3 45. Ke2 e4 46. fxe4+ Kxe4 47. Rf2 f4 48. Ke1 d3 49. cxd3+ Rxd3 50. Rb2 Rh3 51. b4 b6 52. bxa5 bxa5 53. Re2+ Kf5 54. Rc2 Kg4 55. Rg2+ Kf3 56. Rf2+ Ke4 57. Re2+ Kf5 58. Rc2 Kg4 59. Rg2+ Kf3 60. Rf2+ Ke3 61. Re2+ Kd3 62. Rd2+ Kc4 63. Kf1 Kb3 64. Kg2 Rh4 65. Kf3 Kxa4 66. Ke4 Kb3 67. Rd3+ Kb4 68. Rd4+ Kb3 69. Rd3+ Kb4 70. Rd4+ Kb5 71. Rd5+ Kb6 72. Rd6+ Kb5 73. Rd5+ Kb4 74. Rd4+ Kc3 75. Rd3+ Kc2 76. Ra3 f3+ 77. Ke3 a4 78. Rd3 Rxh2 79. Rd4 a3 80. Rc4+ Kb3 81. Rc8 a2 82. Rb8+ Kc2 83. Rc8+ Kb1 84. Rb8+ Rb2 85. Rg8 Rb3+ 86. Kf2 a1Q 87. Rg1+ Kb2 88. Rg7 Qa5 89. Rd7 Qc5+ 90. Ke1 Qe3+ 91. Kd1 Qc1# 0-1

[Event "Prague Holiday M31"]
[Site "Prague"]
[Date "2013.08.03"]
[Round "9"]
[White "Hansch, Stephan"]
[Black "Ljuboschiz, Alexander"]
[Result "1/2-1/2"]
[WhiteElo "1980"]
[BlackElo "2167"]
[PlyCount "60"]
[EventDate "2013.07.28"]
[EventType "tourn"]
[EventRounds "9"]
[EventCountry "CZE"]
[SourceTitle "EXT 2023"]
[Source "ChessBase"]
[SourceDate "2022.10.05"]
[SourceVersion "1"]
[SourceVersionDate "2022.10.05"]
[SourceQuality "1"]

1. d4 Nf6 2. c4 g6 3. g3 Bg7 4. Bg2 0-0 5. Nc3 d6 6. Nf3 Nbd7 7. 0-0 e5 8. e4 exd4 9. Nxd4 Re8 10. h3 Nc5 11. Re1 Bd7 12. f3 Nh5 13. Kh2 f5 14. f4 Nxe4 15. Nxe4 fxe4 16. Rxe4 Rxe4 17. Bxe4 c6 18. Qd3 Qb6 19. Nb3 Qf2+ 20. Bg2 Re8 21. Qf3 Re2 22. Qxf2 Rxf2 23. Bd2 Bxb2 24. Re1 Kf7 25. Kg1 Bd4 26. Nxd4 Rxd2 27. Nf3 Rxa2 28. Ng5+ Kf8 29. Nxh7+ Kf7 30. Ng5+ Kf8 1/2-1/2

[Event "Prague Holiday M31"]
[Site "Prague"]
[Date "2013.07.28"]
[Round "2"]
[White "Gregor, Jiri"]
[Black "Ljuboschiz, Alexander"]
[Result "0-1"]
[WhiteElo "2276"]
[BlackElo "2167"]
[PlyCount "91"]
[EventDate "2013.07.28"]
[EventType "tourn"]
[EventRounds "9"]
[EventCountry "CZE"]
[SourceTitle "EXT 2023"]
[Source "ChessBase"]
[SourceDate "2022.10.05"]
[SourceVersion "1"]
[SourceVersionDate "2022.10.05"]
[SourceQuality "1"]

1. d4 Nf6 2. c4 g6 3. Nc3 Bg7 4. e4 d6 5. f3 0-0 6. Be3 Nbd7 7. Qd2 c5 8. Nge2 a6 9. Nc1 cxd4 10. Bxd4 Ne5 11. Nb3 Nc6 12. Be3 Na5 13. Nd4 Bd7 14. Rc1 Re8 15. b3 Nc6 16. Be2 Nxd4 17. Bxd4 Qa5 18. 0-0 b5 19. Rfd1 b4 20. Bxf6 Bxf6 21. Nd5 Qc5+ 22. Kh1 Kg7 23. Qxb4 Qxb4 24. Nxb4 a5 25. Nd5 Bc6 26. Nxf6 Kxf6 27. Kg1 Red8 28. Kf2 e6 29. Rd2 Rdb8 30. Rc3 Ke7 31. Ke3 f5 32. exf5 gxf5 33. g3 h5 34. c5 d5 35. f4 Kf6 36. Bxh5 e5 37. fxe5+ Kxe5 38. Rcd3 Rb4 39. Bf3 d4+ 40. Kf2 Be4 41. Re2 Kd5 42. g4 Rh8 43. Kg3 Bxf3 44. Rxf3 fxg4 45. Rf7 Kc6 46. Re6+ 0-1

[Event "Cologne Longerich op-A 10th"]
[Site "Cologne"]
[Date "2013.07.22"]
[Round "4"]
[White "Karimi, Farhad"]
[Black "Ljuboschiz, Alexander"]
[Result "1-0"]
[WhiteElo "2165"]
[BlackElo "2167"]
[PlyCount "81"]
[EventDate "2013.07.19"]
[EventType "tourn"]
[EventRounds "5"]
[EventCountry "GER"]
[SourceTitle "EXT 2017"]
[Source "ChessBase"]
[SourceDate "2016.10.25"]
[SourceVersion "1"]
[SourceVersionDate "2016.10.25"]
[SourceQuality "1"]

1. d4 Nf6 2. Nf3 g6 3. c4 Bg7 4. g3 0-0 5. Bg2 d6 6. Nc3 Nbd7 7. 0-0 e5 8. e4 exd4 9. Nxd4 Re8 10. Re1 Ng4 11. h3 Nge5 12. b3 Nc5 13. Be3 a5 14. Bf1 Bd7 15. Rc1 a4 16. b4 Ne6 17. f4 Nxd4 18. Bxd4 Nf3+ 19. Qxf3 Bxd4+ 20. Kh2 Bxc3 21. Rxc3 f5 22. Qd1 Bc6 23. exf5 Qf6 24. Rce3 Rxe3 25. Rxe3 gxf5 26. Qe2 a3 27. b5 Be4 28. Bg2 Ra4 29. Bxe4 fxe4 30. Qg4+ Kf7 31. Rxe4 Qb2+ 32. Re2 Rb4 33. Qf5+ Kg7 34. Rxb2 Rxb2+ 35. Kg1 Rxa2 36. Qd7+ Kg6 37. f5+ Kg5 38. h4+ Kg4 39. f6+ Kxg3 40. Qg7+ Kh3 41. f7 1-0

[Event "Hofheim Spring op-A 1st"]
[Site "Hofheim"]
[Date "2013.04.03"]
[Round "2"]
[White "Lobzhanidze, Davit"]
[Black "Ljuboschiz, Alexander"]
[Result "1-0"]
[WhiteElo "2448"]
[BlackElo "2183"]
[PlyCount "111"]
[EventDate "2013.04.02"]
[EventType "swiss"]
[EventRounds "9"]
[EventCountry "GER"]
[SourceTitle "CBM 153 Extra"]
[Source "ChessBase"]
[SourceDate "2013.04.22"]
[SourceVersion "1"]
[SourceVersionDate "2013.04.22"]
[SourceQuality "1"]

1. e4 e5 2. Nf3 Nc6 3. Bc4 Nf6 4. d3 Bc5 5. 0-0 d6 6. c3 0-0 7. h3 Qe7 8. Re1 Be6 9. Bb3 Bxb3 10. axb3 a5 11. Nbd2 h6 12. Nf1 Nh7 13. Ng3 Ng5 14. Nxg5 hxg5 15. Nf5 Qf6 16. Qh5 Qg6 17. Qxg5 Qxg5 18. Bxg5 f6 19. Be3 Bxe3 20. Nxe3 Ne7 21. Ra4 b6 22. Rea1 Rad8 23. Nd5 Nxd5 24. exd5 f5 25. b4 axb4 26. Rxb4 Rf7 27. Rc4 g5 28. Ra7 Rdd7 29. Ra8+ Kg7 30. Kf1 Kf6 31. f3 Rde7 32. Ke2 Rg7 33. Rc8 Kg6 34. Ke3 Kf6 35. Kd2 Rgf7 36. Ra4 Rg7 37. Ke3 Rh7 38. Rf8+ Kg6 39. Rg8+ Kf6 40. Raa8 Rhf7 41. Rh8 Kg6 42. Rag8+ Rg7 43. Rxg7+ Kxg7 44. Rc8 Rf7 45. Ra8 Kg6 46. c4 Kf6 47. d4 exd4+ 48. Kxd4 g4 49. hxg4 fxg4 50. fxg4 Kg5 51. Rg8+ Kh4 52. g5 Rf2 53. g6 Rf4+ 54. Kc3 Rg4 55. g7 Kg3 56. Kb4 1-0

[Event "GER-ch Seniors"]
[Site "Dresden"]
[Date "2012.08.11"]
[Round "3"]
[White "Ljuboschiz, Alexander"]
[Black "Weidlich, Guenter"]
[Result "1/2-1/2"]
[WhiteElo "2159"]
[BlackElo "2227"]
[PlyCount "34"]
[EventDate "2012.08.09"]
[EventType "swiss"]
[EventRounds "9"]
[EventCountry "GER"]
[SourceTitle "EXT 2014"]
[Source "ChessBase"]
[SourceDate "2013.11.20"]
[SourceVersion "1"]
[SourceVersionDate "2013.11.20"]
[SourceQuality "1"]

1. e4 g6 2. d4 Bg7 3. Nf3 d6 4. Nc3 c6 5. Bg5 Qc7 6. Qd2 b5 7. a4 b4 8. Nd1 a5 9. c3 bxc3 10. bxc3 Nf6 11. Bd3 Ba6 12. 0-0 0-0 13. Re1 e5 14. Nb2 Nbd7 15. Bxa6 Rxa6 16. Nc4 exd4 17. cxd4 d5 1/2-1/2

[Event "Lingen op 4th"]
[Site "Lingen"]
[Date "2012.07.21"]
[Round "3"]
[White "Ljuboschiz, Alexander"]
[Black "Carlstedt, Jonathan"]
[Result "0-1"]
[WhiteElo "2166"]
[BlackElo "2352"]
[PlyCount "112"]
[EventDate "2012.07.20"]
[EventType "swiss"]
[EventRounds "5"]
[EventCountry "GER"]
[SourceTitle "EXT 2013"]
[Source "ChessBase"]
[SourceDate "2012.11.22"]
[SourceVersion "1"]
[SourceVersionDate "2012.11.22"]
[SourceQuality "1"]

1. e4 c5 2. Nf3 Nf6 3. Nc3 d5 4. exd5 Nxd5 5. Bb5+ Bd7 6. Bxd7+ Qxd7 7. 0-0 Nc6 8. Re1 e6 9. d3 Be7 10. Bg5 f6 11. Bd2 e5 12. Nxd5 Qxd5 13. Qe2 Rd8 14. a3 g5 15. Bc3 h5 16. Nd2 Kf7 17. Qe4 Qxe4 18. Rxe4 b5 19. b3 Nd4 20. Bxd4 cxd4 21. a4 a6 22. Re2 Rc8 23. axb5 axb5 24. Nf3 Rc7 25. Ra2 Bb4 26. h4 g4 27. Nd2 Be7 28. g3 Rhc8 29. Ne4 Kg6 30. Kf1 f5 31. Ng5 Bxg5 32. hxg5 Re8 33. Ra6+ Kxg5 34. Rb6 Rc5 35. b4 Rd5 36. Ke1 Rh8 37. Re6 h4 38. gxh4+ Kf4 39. Rf6 Rxh4 40. Kd2 Rh8 41. Rf7 Re8 42. Re4+ Kg5 43. Re1 Rh8 44. Ra1 Rh2 45. Ke2 Rd6 46. Rg7+ Kf4 47. Ra2 Rg2 48. Ra1 Rh6 49. Rf1 Rhh2 50. Ke1 Kf3 51. Re7 Rxf2 52. Rxf2+ Rxf2 53. Rxe5 f4 54. Rxb5 g3 55. Rh5 Rxc2 56. b5 g2 0-1

[Event "Leverkusen Bayer op 10th"]
[Site "Leverkusen"]
[Date "2012.02.08"]
[Round "3"]
[White "Ljuboschiz, Alexander"]
[Black "Heyn, Peter"]
[Result "1-0"]
[WhiteElo "1992"]
[BlackElo "1778"]
[PlyCount "115"]
[EventDate "2012.01.11"]
[EventType "swiss"]
[EventRounds "7"]
[EventCountry "GER"]
[SourceTitle "EXT 2014"]
[Source "ChessBase"]
[SourceDate "2013.11.20"]
[SourceVersion "1"]
[SourceVersionDate "2013.11.20"]
[SourceQuality "1"]

1. e4 e6 2. d4 d5 3. Nc3 Bb4 4. e5 c5 5. a3 cxd4 6. axb4 dxc3 7. Nf3 Ne7 8. Bd3 Qc7 9. bxc3 Qxc3+ 10. Bd2 Qc7 11. 0-0 Nd7 12. Re1 a6 13. Qe2 Rb8 14. b5 Nc5 15. Bb4 Ra8 16. bxa6 bxa6 17. Bb5+ Bd7 18. Bxd7+ Kxd7 19. Ng5 Nf5 20. Nxf7 Rab8 21. Bxc5 Qxc5 22. Ng5 h6 23. Nf3 Rb2 24. Rec1 a5 25. Qd3 Rc8 26. g4 Ne7 27. Nd4 Nc6 28. Nxe6 Qc4 29. Qxc4 dxc4 30. Nc5+ Ke7 31. Na4 Rb5 32. f4 Rf8 33. Rf1 Nd4 34. Nc3 Rc5 35. Rf2 Ne6 36. Raf1 Nd8 37. Ne4 Rd5 38. Nd6 c3 39. Ne4 Nb7 40. Nxc3 Rd4 41. Rb1 Nc5 42. Rb5 Ne4 43. Rb7+ Ke8 44. Nxe4 Rxe4 45. Rxg7 Rexf4 46. Rxf4 Rxf4 47. h3 Re4 48. Rg6 Rxe5 49. Rxh6 Rc5 50. Ra6 Kd7 51. Kg2 Rxc2+ 52. Kg3 Rc5 53. h4 Kc7 54. h5 Kb7 55. Rd6 a4 56. Rd1 a3 57. h6 a2 58. Ra1 1-0

[Event "Lippe Cup-A 08th"]
[Site "Lieme"]
[Date "2011.10.30"]
[Round "4"]
[White "Ljuboschiz, Alexander"]
[Black "Fischer, Thomas1111"]
[Result "0-1"]
[WhiteElo "2172"]
[BlackElo "1929"]
[PlyCount "74"]
[EventDate "2011.10.28"]
[EventType "swiss"]
[EventRounds "5"]
[EventCountry "GER"]
[SourceTitle "EXT 2012"]
[Source "ChessBase"]
[SourceDate "2011.11.24"]
[SourceVersion "1"]
[SourceVersionDate "2011.11.24"]
[SourceQuality "1"]

1. e4 c5 2. Nf3 Nc6 3. Nc3 e5 4. Bc4 Be7 5. d3 Nf6 6. 0-0 0-0 7. Nd5 Nxd5 8. exd5 Nd4 9. Nxe5 d6 10. Nf3 Bg4 11. Be3 Nxf3+ 12. gxf3 Bh3 13. Re1 f5 14. Qd2 Qe8 15. Bg5 Qg6 16. Rxe7 f4 17. Kh1 Bg2+ 18. Kxg2 Qxg5+ 19. Kh1 Qxe7 20. d4 cxd4 21. Re1 Qg5 22. Qxd4 Rf6 23. Re6 Rg6 24. Rxg6 hxg6 25. Bd3 Kf7 26. Qb4 Qe7 27. Qxf4+ Qf6 28. Qg4 Re8 29. Be4 Re5 30. Qc8 Qe7 31. Qg4 Rg5 32. Qf4+ Qf6 33. Qe3 b6 34. Qa3 Qd4 35. Qxa7+ Kg8 36. Qb8+ Kh7 37. Bd3 Qxf2 0-1

[Event "GER-ch Seniors 23rd"]
[Site "Halle"]
[Date "2011.08.10"]
[Round "6"]
[White "Ljuboschiz, Alexander"]
[Black "Hanisch, Friedrich"]
[Result "1/2-1/2"]
[WhiteElo "2200"]
[BlackElo "2092"]
[PlyCount "71"]
[EventDate "2011.08.05"]
[EventType "swiss"]
[EventRounds "9"]
[EventCountry "GER"]
[SourceTitle "CBM 144 Extra"]
[Source "ChessBase"]
[SourceDate "2011.10.28"]
[SourceVersion "1"]
[SourceVersionDate "2011.10.28"]
[SourceQuality "1"]

1. e4 e6 2. d4 d5 3. Nc3 dxe4 4. Nxe4 Nd7 5. Nf3 Ngf6 6. Nxf6+ Nxf6 7. Bd3 c5 8. dxc5 Bxc5 9. Qe2 0-0 10. Bg5 Qc7 11. 0-0-0 Nd5 12. a3 Qa5 13. Kb1 Qb6 14. Ka1 f6 15. Bc1 Bd7 16. Qe4 f5 17. Qe2 Rae8 18. Ne5 Bc6 19. Rhf1 Bd4 20. c3 Bxe5 21. Qxe5 Nf6 22. Be3 Ng4 23. Bxb6 Nxe5 24. Bc5 Rf7 25. Be2 a6 26. f4 Nd7 27. Bd4 Nf6 28. Bxf6 gxf6 29. c4 Rd7 30. Rxd7 Bxd7 31. Rd1 Bc8 32. Kb1 Kf8 33. Kc2 Ke7 34. Rd4 Bd7 35. Kd2 Bc6 36. g3 1/2-1/2